Fiscal federalism in theory and practice (Record no. 43582)

MARC details
000 -LEADER
fixed length control field 00699nam a2200181 a 4500
008 - FIXED-LENGTH DATA ELEMENTS--GENERAL INFORMATION
fixed length control field 120416s1997 ||||||||||||||||| || u
020 ## - INTERNATIONAL STANDARD BOOK NUMBER
International Standard Book Number 1557756635
050 ## - LIBRARY OF CONGRESS CALL NUMBER
Classification number IMF(02)
100 ## - MAIN ENTRY--PERSONAL NAME
Personal name Ter-Minassian, Teresa
245 10 - TITLE STATEMENT
Title Fiscal federalism in theory and practice
Statement of responsibility, etc. edited by Teresa Ter-Minassian
260 ## - PUBLICATION, DISTRIBUTION, ETC.
Place of publication, distribution, etc. Washington, D.C.
Name of publisher, distributor, etc. IMF
Date of publication, distribution, etc. 1997
300 ## - PHYSICAL DESCRIPTION
Extent xiii, 701p. : ill.
350 ## - PRICE (NR) (BK AM CF MU VM SE) [OBSOLETE]
Price 0.00
650 ## - SUBJECT ADDED ENTRY--TOPICAL TERM
Topical term or geographic name entry element INTERGOVERNMENTAL FISCAL RELATIONS--CASE STUDIES
650 ## - SUBJECT ADDED ENTRY--TOPICAL TERM
Topical term or geographic name entry element INTERGOVERNMENTAL FISCAL RELATIONS
650 ## - SUBJECT ADDED ENTRY--TOPICAL TERM
Topical term or geographic name entry element REVENUE SHARING
995 ## - RECOMMENDATION 995 [LOCAL, UNIMARC FRANCE]
-- 0.00
-- CBU-MAIN LIBRARY (Kitwe)
-- 1
-- 35.00
-- 1
-- AVAILABLE
-- International Publications
Holdings
Withdrawn status Lost status Source of classification or shelving scheme Damaged status Not for loan Home library Current library Shelving location Date acquired Total Checkouts Full call number Barcode Date last seen Price effective from Koha item type
          CBU-MAIN LIBRARY, KITWE. CBU-MAIN LIBRARY, KITWE.   11/30/2022   IMF(02) 021699 11/30/2022 11/30/2022 MONOGRAPH